000 00997nam a2200205 i 4500
001 165793
003 ES-MaACL
005 20230906213215.0
008 021011m18961905ne |||| | fre d
040 _aCCPB | B
_bspa
_cCCPB | B
100 1 _aStokvis, B.J.
_9132913
245 1 0 _aLeçons de pharmacothérapie /
_cdu B. J. Stokvis ; traduction française des D. de Buck et L. de Moor.
260 _aHaarlem :
_bDe Erven F. Bohn ;
_aParis :
_bOctave Doin,
_c1896-1905.
300 _a3 v. ;
_c26 cm.
505 8 _aContiene: Vol. I: Pharmacothérapie dénéral. Parasiticides, 470 p. --vol. II: Pharmacothérapie spéciales. Irritants vrais. Astringents. Caustiques. Protectifs. Hématiques, 494, CXXXV p.-- vol. III: Pharmacothérapie spéciale : hématokinétiques, alterants, adéniques, antipyretiques, neurotiques, 698, CLXXXII p.
650 4 _aFarmacología.
_912725
700 1 _aBuck, D. de.
_9126222
700 1 _aMoor, L. de.
_9130125
852 _aES-MaACL
_jG-14161-63
_z-- Enc. hol.
999 _c165793
_d165793